000 00478nam a2200193Ia 4500
005 20250326124003.0
008 250326s9999 xx 000 0 und d
037 _aTextbook
040 _aFMSL
_beng
_cFMSL
041 _aeng
_2eng
084 _aX J6
_qFMSL
100 _aJames C L
245 0 _aPrenciples of economics
_cJames C L
250 _a9
260 _aNY
_bNY, Barnes & Noble
_c1956
300 _a367p
942 _cTB
_hX J6
999 _c1271775
_d1271775